Cuartoscuro : Revista de Fotógrafos : año 23, número 142, febrero-marzo de 2017 /
Cuartoscuro: Revista de Fotógrafos, es una publicación periódica mexicana dirigida desde su fundación, en 1993, por el fotoperiodista Pedro Valtierra; su periodicidad fue bimestral desde sus inicios hasta diciembre de 2022, a partir de 2023 ha sido trimestral. Como su nombre lo refiere, es una publi...
Zapisane w:
| Kolejni autorzy: | |
|---|---|
| Format: | Książka |
| Język: | hiszpański |
| Wydane: |
México :
Cuartoscuro,
2017, c2017
|
| Hasła przedmiotowe: | |
| Etykiety: |
Nie ma etykietki, Dołącz pierwszą etykiete!
|
MARC
| LEADER | 00000nam^a2200000^a^4500 | ||
|---|---|---|---|
| 001 | 000563001 | ||
| 005 | 20250526000000.0 | ||
| 009 | 20260310131956.222 | ||
| 022 | |a 1405-7913 | ||
| 037 | |a Acervo ITESO - Biblioteca | ||
| 041 | |a GRA | ||
| 041 | |a ESP | ||
| 082 | |a 770. 5 |b CUA V. 142 | ||
| 240 | 1 | 1 | |a [Cuartoscuro: Revista de Fotógrafos] |
| 245 | 0 | 0 | |a Cuartoscuro : |b Revista de Fotógrafos : año 23, número 142, febrero-marzo de 2017 / |c Dir. de P. Valtierra. |
| 264 | 4 | |a México : |b Cuartoscuro, |c 2017, c2017 | |
| 300 | |a 79 p. ; |c 27.0 cm. | ||
| 336 | |a texto |b txt |2 rdacontenido | ||
| 337 | |a sin mediación |b n |2 rdamedio | ||
| 338 | |a volumen |b nc |2 rdasoporte | ||
| 520 | |a Cuartoscuro: Revista de Fotógrafos, es una publicación periódica mexicana dirigida desde su fundación, en 1993, por el fotoperiodista Pedro Valtierra; su periodicidad fue bimestral desde sus inicios hasta diciembre de 2022, a partir de 2023 ha sido trimestral. Como su nombre lo refiere, es una publicación especializada en fotografía, que expone, difunde y promueve el trabajo de creadores reconocidos, tanto de México como de otras partes del mundo. En cada número presenta una muestra fotográfica de diversos autores, acompañada de una breve nota que contextualiza su obra; también contiene una sección en la que ofrece información sobre exposiciones, homenajes, convocatorias y otros temas fotográficos. | ||
| 546 | |a Edición gráfica con texto en español | ||
| 649 | |a XX | ||
| 650 | |a Fotógrafos Mexicanos | ||
| 650 | |a Fotógrafos Norteamericanos | ||
| 650 | |a Artistas Mexicanos | ||
| 650 | |a Artistas Norteamericanos | ||
| 650 | |a Trabajadores Indocumentados - |z EUA - |x Fotografías | ||
| 650 | |a Vida Cotidiana - |z Jalisco (Región Norte) - |x Fotografías | ||
| 650 | |a Sol - |x Fotografías | ||
| 650 | |a Retrato (Fotografía) - |z México | ||
| 650 | |a Fotografía en Blanco y Negro - |z México | ||
| 650 | |a Fotografía en Color - |z México | ||
| 650 | |a Fotografía Mexicana - |y Siglo XX | ||
| 650 | |a Fotografía Mexicana - |y Siglo XXI | ||
| 650 | |a Fotografía Mexicana - |x Historia y Crítica | ||
| 650 | |a Fotografía - |z México - |x Concursos | ||
| 650 | |a Fotografía - |x Publicaciones Periódicas Mexicanas - |x Tema Principal | ||
| 650 | |a Publicaciones Periódicas Mexicanas | ||
| 650 | |a Jalisco (Región Norte) - |x Fotografías | ||
| 650 | |a Jalisco (Región Norte) - |x Descripción | ||
| 650 | |a México - |x Fotografías | ||
| 650 | |a México - |x Descripción | ||
| 650 | |a Bacon, David - |x Tema Principal | ||
| 650 | |a Fernández, Elideth - |x Tema Principal | ||
| 700 | |a Valtierra, Pedro |e (dirección) | ||
| 910 | |a Fondo Pedro Valtierra | ||
| 920 | |a Impresos - Libros | ||
| 930 | |a Libros Antiguos y Raros | ||
| 905 | |a 129 | ||
| 901 | |a 0500370254 |b IT2 |c LRA |i D |u 20250526 | ||
| 902 | |a https://opac.biblio.iteso.mx/vufind/Record/000563001 | ||